Ecrire et convaincre /
Guardado en:
| Autor Principal: | |
|---|---|
| Formato: | Libro |
| Publicado: |
Francia :
Hachette,
1975
|
| Materias: | |
| Etiquetas: |
Agregar Etiqueta
Sin Etiquetas, Sea el primero en etiquetar este registro!
|
| LEADER | 00482nam a22001815a 4500 | ||
|---|---|---|---|
| 001 | CEM.cems006560 | ||
| 005 | 20060214000000.0 | ||
| 008 | 130507s1975##################000#0#####d | ||
| 003 | CEMS | ||
| 082 | 0 | 4 | |a 448.24 |
| 100 | 1 | |a Vigner, Gerard | |
| 245 | 1 | 0 | |a Ecrire et convaincre / |
| 260 | |a Francia : |b Hachette, |c 1975 | ||
| 300 | |a 111 p. | ||
| 653 | |a Frances | ||
| 653 | |a Frances-actividades | ||
| 653 | |a Frances-enseñanza | ||
| 859 | |a CEMS |b BIB. CEMS - 11 de abril |h 448.24 |i V685 |p 12351.83 |t Ej.1 | ||
